000 01195nam a2200325 i 4500
001 12070
003 ES-MaACL
005 20250822062525.0
007 t|
008 970303s1996 sp a |||| |dspa d
017 _aM 10297-1996
020 _a8487317480
_qRústica
024 _a304-96-003-1
040 _cES-MaACL
080 _a75 Goya, Francisco de (064.3)
100 1 _aGoya, Francisco de,
_d1746-1828
_eill
_9240353
245 1 0 _aGoya :
_b250 aniversario /
_cJuan J. Luna, comisario de la exposición ; Margarita Moreno de las Heras.
260 _aMadrid :
_bMuseo del Prado,
_c1996.
300 _a476 p. :
_bprincipalmente il. ;
_c30 cm.
500 _aCatálogo de la Exposición celebrada en el Museo del Prado del 30 de marzo al 2 de junio de 1996.
600 1 4 _aGoya, Francisco de,
_d1746-1828
_9240353
655 7 _2tgfbne
_9193628
_aCatálogos de exposiciones
700 0 _aLuna, Juan J.,
_d1946-2020
_eorm
_974756
700 0 _aMoreno de las Heras, Margarita
_983358
_eaut
710 2 _aMuseo Nacional del Prado.
_9160001
852 _aES-MaACL
_jL-19280
_cDEPO2
_xES-MaACL
942 _cANAM
_n0
999 _c12070
_d12070